| 000 | 00000nam##2200000za#4500 |
| 001 | 9.534731 |
| 003 | CaOODSP |
| 005 | 20210615083626 |
| 007 | ta |
| 008 | 150406|2000||||xxc||||| f|0| 0 fre|d |
| 040 | |aCaOODSP|bfre |
| 041 | |aeng |
| 041 | |afre |
| 043 | |an-cn--- |
| 086 | 1 |aH12-30/113 |
| 110 | 1 |aCanada.|bSanté Canada. |bDirection générale de la protection de la santé. |
| 245 | 10|aNettoyage des réanimateurs et des valves de PEP réutilisables |
| 260 | |aOttawa - Ontario : |bSanté Canada. |
| 300 | |a3p. ; |c28 cm. |
| 490 | 1 |aAlerte: matériels médicaux |vN° 113, le 7 septembre 2000 |
| 546 | |aBilingue |
| 563 | |aDépliant |
| 590 | |a00-51|b2000-12-29 |
| 691 | 07|aTechnologie médicale|2gcpds |
| 691 | 07|aMesure de sécurité|2gcpds |
| 776 | 0#|tCleaning of reusable resuscitators and PEEP valves |w(CaOODSP)9.588061 |
| 791 | |tCleaning of reusable resuscitators and PEEP valves |eeng|w(CaOODSP)9.534730 |
| 830 | #0|aAlerte: matériels médicaux ;|vN° 113, le 7 septembre 2000|w(CaOODSP)9.509385 |